Premier League and EFL Club Shirt Sponsors - Statistics

General Stats
  • This quiz has been taken 13 times
  • The average score is 7 of 88
Answer Stats
Division Club Sponsor % Correct
Premier League Arsenal Emirates
100%
League Two Cheltenham Mira Showers
100%
Premier League Manchester City Etihad Airways
80%
Premier League Liverpool Standard Chartered
50%
Premier League Tottenham AIA
40%
Premier League Brighton American Express
40%
Premier League Manchester United Qualcomm Snapdragon
40%
Championship Stoke bet365
30%
Premier League Leeds Red Bull
30%
Premier League Everton Stake.com
30%
Championship Watford MrQ.Com
20%
Championship Preston SpudBros
20%
Premier League Sunderland W88
20%
Premier League Aston Villa Betano
10%
Premier League Bournemouth bj88
10%
Championship Norwich Blakely Clothing
10%
League One AFC Wimbledon Football Manager
10%
Championship West Brom Ideal Heating
10%
Championship Millwall MyGuava
10%
Premier League Fulham SBOTOP
10%
Premier League Newcastle Sela
10%
Premier League Burnley 96.com
0%
Championship Oxford United Baxi
0%
League One Rotherham Bluebell Wood
0%
Premier League West Ham BoyleSports
0%
League One Lincoln Branston
0%
League Two Cambridge Brooks
0%
League One Burton Burton Kia
0%
League One Luton Capital Sky
0%
League One Plymouth Classic Builders
0%
Championship QPR CopyBet
0%
Championship Hull Corendon Airlines
0%
League Two Notts County David James
0%
Premier League Wolves DEBET
0%
League One Leyton Orient Eastdil Secured
0%
League One Doncaster Eco-Power Group
0%
League Two Harrogate EnviroVent
0%
League Two Tranmere Essar
0%
Championship Derby FanHub
0%
League Two Bristol Rovers FanHub
0%
Championship Bristol City Fever
0%
League Two Salford Fireball Cinnamon Whisky
0%
Championship Ipswich Halo
0%
League One Exeter HEL Performance
0%
League One Huddersfield HEYDUDE
0%
Premier League Brentford Hollywoodbets
0%
League Two Colchester HotLizard
0%
League One Bradford JCT600
0%
League Two Chesterfield Leengate Valves
0%
League Two Bromley LSP Renewables
0%
League Two Gillingham MEMS
0%
League One Peterborough Mick George
0%
Championship Sheffield United Midnite
0%
League Two Swindon MiPermit
0%
Championship Coventry Monzo
0%
Championship Sheffield Wednesday Mr Vegas
0%
League Two Grimsby myenergi
0%
Premier League Crystal Palace NET88
0%
League Two Barrow Newfoundland and Labrador
0%
League Two Walsall NoFo Brew Co
0%
League One Mansfield One Call Insurance
0%
League One Wycombe Origin Doors and Windows
0%
Championship Southampton P&O Cruises
0%
League Two Newport Pure Vans
0%
League Two Crawley Rentokil Initial
0%
Championship Swansea Reviva Coffee
0%
League Two Oldham RRG Group
0%
Championship Charlton RSK Group
0%
League Two Fleetwood Ruby Energy
0%
League One Reading Select Car Leasing
0%
League Two Shrewsbury Shropshire Homes
0%
League One Wigan Smurfit Westrock
0%
League Two MK Dons Suzuki
0%
League One Barnsley The Investment Room
0%
League Two Barnet TIC Health
0%
League One Blackpool TreadTracker.com
0%
Championship Birmingham Undefeated
0%
Championship Middlesbrough Unibet
0%
Championship Wrexham United Airlines
0%
League One Northampton University of Northampton
0%
Championship Portsmouth University of Portsmouth
0%
League One Bolton Victorian Plumbing
0%
League One Cardiff Visit Malaysia
0%
League One Stockport VITA
0%
Championship Blackburn Watson Ramsbottom Solicitors
0%
League Two Accrington Wham Housewares
0%
League Two Crewe Whitby Morrison
0%
League One Stevenage Xsolla
0%
No matching quizzes found
Score Distribution
Percent of People with Each Score
Percentile by Number Answered
Your Score History
You have not taken this quiz